000
00264nam a2200109Ia 4500
008
190216s9999||||xx |||||||||||||| ||und||
100
_a
Sathia Nanthayer.R
245
0
_a
History Of India Part-2
260
_b
Viswanathan S.
650
_a
Indian History
942
_c
BK
999
_c
18610
_d
18610